Os Lusíadas (Registo nº 24392)
[ vista simples ]
| 000 -Etiqueta do registo | |
|---|---|
| Valores | 00739nam a2200241 4500 |
| 010 ## - Número ISBN | |
| ISBN | 9789898657008 |
| 010 ## - Número ISBN | |
| ISBN | 9789898657015 |
| 010 ## - Número ISBN | |
| ISBN | 9789898657022 |
| 090 ## - | |
| -- | 24392 |
| 100 ## - Dados gerais de processamento | |
| Dados gerais | 20170330 frey50 |
| 200 ## - Titulo e menção de responsabilidade | |
| Título próprio | Os Lusíadas |
| Primeira menção de responsabilidade | Luís de Camões |
| Outras menções de responsabilidade | José Luís Peixoto |
| 210 ## - Publicação | |
| Local de publicação | [s.l.] |
| Nome do editor | Verso da História |
| Data de publicação | 2013 |
| 215 ## - Descrição física | |
| Paginação / Volumes | 3 vol. [56, 56, 56] p. |
| Dimensões | 25 cm |
| 304 ## - Nota relativa ao título | |
| Texto de nota | Contém: Conto a partir do canto I, Canto II e Canto III por José Luís Peixoto |
| 606 ## - Nome comum usado como assunto | |
| ID Autoridade | 185 |
| Palavra de ordem | Literatura infantil |
| 606 ## - Nome comum usado como assunto | |
| ID Autoridade | 187 |
| Palavra de ordem | Histórias para crianças |
| 675 ## - CDU | |
| Notação | 8:087.5 |
| 700 ## - Autor principal (pessoa individual) | |
| -- | 070 |
| ID Autoridade | 314 |
| Apelido | Camões |
| Nome | Luís de |
| 701 ## - Co-autor principal (pessoa individual) | |
| -- | 070 |
| ID Autoridade | 315 |
| Apelido | Peixoto |
| Nome | José Luís |
| 801 ## - Fonte de origem | |
| País | PT |
| Regras de catalogação | RPC |
| 990 ## - Elementos KOHA | |
| Tipo de documento | Livro |
| 994 ## - Estado da catalogação | |
| -- | COMP |
| Situação do levantamento | Estado | Biblioteca de origem | Biblioteca de empréstimo | Código de barras | Cota | Permissão de empréstimo | Tipo de documento |
|---|---|---|---|---|---|---|---|
| Completo | Biblioteca Municipal de Viana Do Alentejo | Biblioteca Municipal de Viana Do Alentejo | 0030804 | 8 CAM | Disponível | Livro | |
| Completo | Biblioteca Municipal de Viana Do Alentejo | Biblioteca Municipal de Viana Do Alentejo | 0030805 | 8 CAM | Disponível | Livro | |
| Completo | Biblioteca Municipal de Viana Do Alentejo | Biblioteca Municipal de Viana Do Alentejo | 0030806 | 8 CAM | Disponível | Livro |